[Event "Ch Spain (juniors) (under 16)"]
[Site "masterchessopen.com Spain"]
[Round "2"]
[White "Alsina Leal Daniel (ESP)"]
[Black "Ferreiro Pailos Alejandro (ESP)"]
[Result "1-0"]
[WhiteElo "2282"]
[BlackElo "2047"]

1.e4 c5 2.Nf3 d6 3.d4 cxd4 4.Nxd4 Nf6 5.Nc3 a6 6.Be2 e6 7.O-O Qc7 8.a4 b6 9.f4
Bb7 10.Bf3 Nbd7 11.Qe2 Rc8 12.Kh1 Qc4 13.Qf2 e5 14.fxe5 dxe5 15.Nf5 g6 16.Ne3
Qc5 17.Bg4 Qe7 18.Bxd7+ Nxd7 19.Ned5 Bxd5 20.Nxd5 Qe6 21.Be3 Rc6 22.b4 Bg7
23.b5 axb5 24.axb5 Rc8 25.Bg5 Nc5 26.Nc7+ Rxc7 27.Ra8+ Rc8 28.Rxc8+ Kd7 29.Rc6
Nxe4 30.Rd1+ {#r} 1-0

[Event "It (open)"]
[Site "masterchessopen.com Plzen (Czech Republic)"]
[Round "4"]
[White "Bensch Patrick (GER)"]
[Black "Plischki Sebastian (GER)"]
[Result "0-1"]
[WhiteElo "2288"]
[BlackElo "2325"]

1.e4 c5 2.Nf3 e6 3.d4 cxd4 4.Nxd4 a6 5.Nc3 Qc7 6.Be2 Nf6 7.O-O d6 8.Be3 Be7
9.f4 O-O 10.Kh1 b5 11.e5 Ne8 12.Bf3 Bb7 13.Bxb7 Qxb7 14.Qg4 Nd7 15.Nxe6 fxe6
16.Qxe6+ Rf7 17.Nd5 Nf8 18.Nxe7+ Qxe7 19.Qd5 Rc8 20.Rae1 dxe5 21.fxe5 Qe6
22.Qxe6 Nxe6 23.Rxf7 Kxf7 24.c3 N8c7 25.Rd1 Rd8 26.Rxd8 Nxd8 27.Bb6 Nce6
28.Kg1 Nc6 {#R} 0-1

[Event "Ch Hungary (w)"]
[Site "masterchessopen.com Budapest (Hungary)"]
[Date "2004.08.25"]
[Round "7"]
[White "Gara Anita (HUN)"]
[Black "Schneider Veronika (HUN)"]
[Result "1-0"]
[WhiteElo "2390"]
[BlackElo "2263"]

1.e4 c5 2.Nf3 e6 3.d4 cxd4 4.Nxd4 a6 5.Nc3 Qc7 6.Be2 Nf6 7.O-O d6 8.f4 Nc6
9.Be3 Be7 10.a4 O-O 11.Kh1 Nxd4 12.Qxd4 e5 13.Qd3 b6 14.fxe5 dxe5 15.Rxf6 Bxf6
16.Nd5 Qd6 17.Rf1 Bd8 18.Nf6+ Qxf6 19.Rxf6 Bxf6 20.Bxb6 Bb7 21.a5 Rac8 22.c4
Bd8 23.Bg4 Rb8 24.Bc5 Bxa5 25.Bxf8 Rxf8 26.Qa3 Bd8 27.Qd6 Bf6 28.c5 Bc8
29.Bxc8 Rd8 30.Bd7 {#r} 1-0

[Event "Ch Poland (team) (2nd liga)"]
[Site "masterchessopen.com Polanica Zdroj (Poland)"]
[Date "2004.09.05"]
[Round "2"]
[White "Kosturkiewicz Jacek (POL)"]
[Black "Kukula Pawel (POL)"]
[Result "0-1"]
[WhiteElo "2163"]
[BlackElo "2227"]

1.e4 c5 2.Nf3 e6 3.d4 cxd4 4.Nxd4 a6 5.Nc3 Qc7 6.Be2 Nf6 7.O-O d6 8.f4 Nbd7
9.Qe1 b5 10.Bf3 Bb7 11.Kh1 b4 12.Nd1 g6 13.Bd2 e5 14.Nb3 a5 15.c3 a4 16.Nc1
bxc3 17.Nxc3 Bg7 18.Nd3 O-O 19.fxe5 dxe5 20.Qe3 Ba6 21.Rfc1 Qd6 22.Nf2 Nb6
23.b3 Rfd8 24.Rd1 axb3 25.axb3 Qe6 26.Na4 Nxa4 27.Rxa4 Rab8 28.b4 Bc4 29.Rb1
Rb7 30.Be2 Bxe2 31.Qxe2 Rbd7 {#R} 0-1

[Event "It (open)"]
[Site "masterchessopen.com Binissalem (Spain)"]
[Date "2004.10.06"]
[Round "6"]
[White "Sanchez Castillo Sarai (VEN)"]
[Black "Siebrecht Sebastian (GER)"]
[Result "0-1"]
[WhiteElo "2141"]
[BlackElo "2366"]

1.e4 c5 2.Nf3 e6 3.d4 cxd4 4.Nxd4 a6 5.Be2 Nf6 6.Nc3 Qc7 7.O-O d6 8.f4 Nbd7
9.Bf3 g6 10.Kh1 e5 11.Nde2 b5 12.a4 b4 13.Na2 Rb8 14.c3 b3 15.Nb4 a5 16.Nd5
Nxd5 17.Qxd5 Bb7 18.Qxb3 Bxe4 19.Qa2 Bxf3 20.Rxf3 e4 21.Rf1 Bg7 22.f5 O-O
23.Nf4 gxf5 24.Nd5 Qb7 25.Rxf5 Ne5 26.b4 Kh8 27.b5 Qd7 28.Qf2 Qe6 29.Nf6 Bxf6
30.Rxf6 Ng4 {#R} 0-1

[Event "Olympiad"]
[Site "masterchessopen.com Calvia (Spain)"]
[Date "2004.10.27"]
[Round "12"]
[White "Paragua Mark (PHI)"]
[Black "Goh Koon-Jong Jason (SIN)"]
[Result "1-0"]
[WhiteElo "2534"]
[BlackElo "2419"]

1.e4 c5 2.Nf3 d6 3.d4 cxd4 4.Nxd4 Nf6 5.Nc3 a6 6.Be2 e6 7.O-O Qc7 8.a4 Be7
9.Be3 O-O 10.f4 Nc6 11.Kh1 Re8 12.a5 Nxa5 13.e5 Nd5 14.Nxe6 Bxe6 15.Nxd5 Bxd5
16.Qxd5 Nc6 17.Bc4 Rf8 18.e6 fxe6 19.Qxe6+ Kh8 20.Bd3 Nb4 21.Bxh7 Kxh7 22.Rf3
g5 23.Bd4 Rxf4 24.Rh3+ Rh4 25.Qf7+ Kh6 26.Bg7+ Kh7 27.Bf8+ {#r} 1-0

[Event "It (cat.2)"]
[Site "masterchessopen.com Santiago (Chile)"]
[Date "2005.01.08"]
[Round "9"]
[White "Cuevas Araya Walter (CHI)"]
[Black "Vasquez Rodrigo (CHI)"]
[Result "0-1"]
[WhiteElo "2122"]
[BlackElo "2506"]

1.e4 c5 2.Nf3 d6 3.d4 cxd4 4.Nxd4 Nf6 5.Nc3 a6 6.Be2 e6 7.O-O Qc7 8.Be3 b5
9.a3 Bb7 10.f3 Be7 11.Kh1 Nbd7 12.Bg1 O-O 13.Qe1 d5 14.exd5 Nxd5 15.Ne4 N7f6
16.c3 Nxe4 17.fxe4 Nf4 18.Bf3 Nd3 19.Qb1 Nc5 20.Qc2 Rac8 21.Rae1 Bf6 22.e5 Be7
23.Bxb7 Qxb7 24.Rf3 Qd5 25.Rh3 g6 26.Qd2 f5 27.exf6 Bxf6 28.Qe2 e5 29.Nf3 Nd3
30.Rf1 Nf4 31.Rd1 Qc6 {#R} 0-1

[Event "Ch Czech Republic (cat.11)"]
[Site "masterchessopen.com Prague (Czech Republic)"]
[Date "2005.02.04"]
[Round "4"]
[White "Haba Petr (CZE)"]
[Black "Lechtynsky Jiri (CZE)"]
[Result "1-0"]
[WhiteElo "2522"]
[BlackElo "2439"]

{ Haba Petr (CZE) +0 =4 -0 Lechtynsky Jiri (CZE) +2 =4 -1 } 1.e4 c5 2.Nf3 e6
3.d4 cxd4 4.Nxd4 a6 5.Nc3 Qc7 6.Be2 Nf6 7.O-O d6 8.f4 Nc6 9.Be3 Bd7 { ?/= } (
9...Be7 10.Qe1 O-O 11.Qg3 Nxd4 12.Bxd4 b5 13.a3 Bb7 14.Kh1 Rac8 15.Rae1 Bc6
16.e5 dxe5 17.Bxe5 Qb7 18.f5 exf5 19.Rxf5 Ne8 20.Bd3 g6 21.Rf2 Rd8 22.Rfe2 Bd6
23.Ne4 Bxe4 24.Rxe4 Bxe5 { 1/2-1/2, Pacl Vaclav 2320 - Lechtynsky Jiri 2470 ,
Sumperk 1984 Ch Czechoslovakia } ) 10.Nb3 ( 10.Qe1 b5 11.a3 Be7 12.Qg3 h5
13.Bf3 Ng4 14.Bxg4 hxg4 15.Qxg4 Bf6 16.Nf3 Na5 17.Bd4 Bxd4+ 18.Nxd4 Qc5 19.Ne2
Nc4 20.Qxg7 O-O-O 21.b4 Qb6 22.Rf2 e5 23.fxe5 dxe5 24.Nb3 Rxh2 25.Nc5 Rdh8
26.Rxf7 Qd8 27.Ng3 Ne3 28.Rf2 R2h7 29.Qf6 Qxf6 { ...1-0, Stefansson Hannes
2569 - Kogan Artur 2535 , Habana 2002 Memorial J.Capablanca (a) (cat.13) } )
10...b5 11.a3 Rb8 { N } ( 11...Be7 12.Bf3 Rb8 ( 12...Rc8 13.Ne2 ( 13.Qd2 O-O
14.g4 h6 15.Kh1 Nh7 16.Rad1 Rcd8 17.Qf2 { 1/2-1/2, Sarre Sascha 2080 -
Kas-Fromm Rita Dr 2244 , Hamburg 1993 It (open) } ) 13...O-O 14.Rc1 Qb8 15.Ng3
Rfd8 16.Qe1 Be8 17.f5 e5 18.Nh5 Nxh5 19.Bxh5 f6 20.Bxe8 Rxe8 21.Qh4 Nd8 22.Rf3
Nf7 23.Rh3 h6 24.Qg4 Ng5 25.Rg3 Bf8 26.h4 Nf7 27.Qg6 Qb7 28.Nd2 Kh8 29.Qg4 a5
30.h5 Rc7 31.Qg6 { ...0-1, Filgas Vaclav - Mayerhofer Horst 2163 , Hrabyne
2003 Cup World IPCA } ) 13.g4 Bc8 14.g5 Nd7 15.Bg2 Nb6 16.Nd2 Na5 17.Kh1 Bb7
18.f5 Nbc4 19.Nxc4 Nxc4 20.Bc1 g6 21.fxe6 fxe6 22.Qg4 Bc8 23.Qg3 Bd7 24.b3 Ne5
25.Bd2 Bf8 26.Rac1 Bg7 27.Ne2 Nf7 28.Bc3 Bxc3 29.Nxc3 O-O 30.Ne2 Qc5 31.h4 {
...0-1, Dineley Richard 2273 - Morovic Fernandez Ivan 2608 , Istanbul 2000
Olympiad } ) 12.Kh1 Be7 13.Qe1 { N } ( 13.Bf3 O-O 14.g4 Bc8 15.g5 Nd7 16.Bg2
Re8 17.Qe2 Nb6 18.Rad1 Na4 19.Bc1 Nxc3 20.bxc3 Bb7 21.Rd3 g6 22.Qf2 Bf8 23.Rh3
h5 24.gxh6 Kh7 25.Nd2 f5 26.Nf3 Be7 27.exf5 exf5 28.c4 bxc4 29.Bb2 Nd8 30.Bc3
Ne6 31.Re1 Qd7 32.Qe3 Be4 { ...1/2-1/2, Polgar Istvan 2425 - Portisch Lajos
2525 , Budapest 1968 Ch Hungary } ) 13...O-O 14.Qg3 { N } 14...b4 { +0.07 CAP
} 15.axb4 Nxb4 16.Nd4 Nxc2 17.Nxc2 Rxb2 18.Bd3 Rxc2 19.Bxc2 Qxc3 20.Rfc1 e5 {
?! } ( 20...Ng4 { !? } 21.Ba4 Qxe3 22.Qxe3 Nxe3 { } ) 21.fxe5 dxe5 22.Ba4 Qb4
23.Bxd7 Nxd7 24.Bh6 Bf6 25.Rxa6 Qe7 26.Rf1 Rb8 27.h3 Nb6 28.Qg4 Qd6 29.Rxf6 {
} {#r} 1-0

[Event "Czech League 2004/05 (2nd) (c)"]
[Site "masterchessopen.com Czech Republic"]
[Date "2005.03.20"]
[Round "10"]
[White "Prandstetter Eduard (CZE)"]
[Black "Belaska Premysl (CZE)"]
[Result "1-0"]
[WhiteElo "2348"]
[BlackElo "2275"]

1.e4 c5 2.Nf3 d6 3.d4 cxd4 4.Nxd4 Nf6 5.Nc3 a6 6.Be2 e6 7.O-O Qc7 8.f4 b5
9.Bf3 Bb7 10.e5 dxe5 11.fxe5 Nfd7 12.Bxb7 Qxb7 13.Qh5 g6 14.Qh4 Be7 15.Bg5
Bxg5 16.Qxg5 b4 17.Rxf7 Kxf7 18.Rf1+ Ke8 19.Ne4 Qxe4 20.Nxe6 {#r} 1-0

[Event "Ch Romania (team) A"]
[Site "masterchessopen.com Tusnad (Romania)"]
[Date "2005.05.24"]
[Round "4"]
[White "Chiricuta Marius (ROM)"]
[Black "Bogdan Dan (ROM)"]
[Result "0-1"]
[WhiteElo "2218"]
[BlackElo "2446"]

1.e4 c5 2.Nf3 e6 3.d4 cxd4 4.Nxd4 a6 5.Be2 Qc7 6.O-O Nf6 7.Nc3 d6 8.Be3 Nbd7
9.a4 b6 10.g4 h6 11.f3 Bb7 12.Nb3 Be7 13.Rf2 Nc5 14.Nxc5 bxc5 15.Bc4 O-O
16.Rd2 Rfd8 17.g5 hxg5 18.Bxg5 d5 19.exd5 Nxd5 20.Nxd5 exd5 21.Bxe7 Qxe7
22.Bf1 d4 23.Kh1 Rd6 24.Bg2 Re8 25.f4 Rf6 26.Bf3 {#R} 0-1

[Event "Memorial Narciso Yepes (open)"]
[Site "masterchessopen.com Lorca (Spain)"]
[Round "6"]
[White "Perez Rodney (CUB)"]
[Black "Spraggett Kevin (CAN)"]
[Result "0-1"]
[WhiteElo "2450"]
[BlackElo "2587"]

1.e4 c5 2.Nf3 e6 3.d4 cxd4 4.Nxd4 a6 5.Nc3 Qc7 6.Be2 Nf6 7.O-O d6 8.f4 Be7
9.Kh1 O-O 10.Be3 b5 11.Bf3 Bb7 12.a3 Nbd7 13.Qe1 Rac8 14.Qg3 Nc5 15.f5 e5
16.Bh6 Ne8 17.Nb3 Na4 18.f6 Bxf6 19.Bg4 Nxc3 20.bxc3 Rb8 21.Bd7 Qxd7 22.Rxf6
Bxe4 23.Rd1 Bg6 {#R} 0-1

[Event "Ch World (juniors) (under 10) (g)"]
[Site "masterchessopen.com Belfort (France)"]
[Date "2005.07.21"]
[Round "3"]
[White "Fataliyeva Ulviyya (AZE)"]
[Black "Ziaziulkina Nastassia (BLR)"]
[Result "1-0"]
[WhiteElo "2136"]
[BlackElo "1934"]

1.e4 c5 2.Nf3 d6 3.d4 cxd4 4.Nxd4 Nf6 5.Nc3 a6 6.Be2 e6 7.O-O Qc7 8.f4 b5 9.a3
Bb7 10.Bf3 Nbd7 11.Qe1 Nc5 12.e5 dxe5 13.fxe5 Nfd7 14.Bf4 g6 15.Bxb7 Nxb7
16.Ne4 Qc4 17.Qf2 Bg7 18.Nf6+ Bxf6 19.exf6 Rc8 20.Nxe6 Qxc2 21.Qe3 Qc4 22.Nd8+
Kf8 23.Bh6+ {#r} 1-0

[Event "Ch World (juniors) (under 10) (g)"]
[Site "masterchessopen.com Belfort (France)"]
[Date "2005.07.23"]
[Round "5"]
[White "Nolot Clementine (FRA)"]
[Black "Ziaziulkina Nastassia (BLR)"]
[Result "0-1"]
[WhiteElo "1784"]
[BlackElo "1934"]

1.e4 c5 2.Nf3 d6 3.d4 cxd4 4.Nxd4 Nf6 5.Nc3 a6 6.Be2 e6 7.O-O Qc7 8.f4 b5 9.a3
Bb7 10.Bf3 Nbd7 11.Re1 Nb6 12.e5 Nfd5 13.exd6 Qxd6 14.f5 e5 15.Be3 Be7 16.Nb3
Rd8 17.Qd2 Nxe3 18.Qxd6 Bxd6 19.Rxe3 Nc4 20.Ree1 Bxf3 21.gxf3 Nxb2 22.Ne4 Nc4
23.Rad1 Bxa3 24.Rxd8+ Kxd8 25.Rd1+ Ke7 26.Nbc5 Bxc5+ 27.Nxc5 Rd8 28.Rxd8 Kxd8
29.Nxa6 Ne3 {#R} 0-1

[Event "It (open)"]
[Site "masterchessopen.com Avoine (France)"]
[Date "2005.07.25"]
[Round "3"]
[White "Demoulin Paul (BEL)"]
[Black "Jouhaneau Jacques (FRA)"]
[Result "1-0"]
[WhiteElo "2065"]
[BlackElo "1924"]

1.e4 c5 2.Nf3 d6 3.d4 cxd4 4.Nxd4 Nf6 5.Nc3 a6 6.Be2 e6 7.O-O Qc7 8.f4 Nbd7
9.Bf3 Rb8 10.Nce2 b5 11.g4 Bb7 12.Ng3 h6 13.Qe2 Be7 14.g5 Nh7 15.g6 Nhf6
16.gxf7+ Kxf7 17.f5 e5 18.Ne6 Qc4 19.Qg2 g5 20.fxg6+ Kg8 21.Qh3 d5 22.b3 Bc5+
23.Kh1 Qc3 24.Bxh6 dxe4 25.Bg2 Re8 26.g7 Rh7 27.Ng5 Bc8 28.Nxh7 Nxh7 29.Nxe4
Qxh3 30.Bxh3 Bb7 31.Bg2 Bd4 32.Rad1 Re6 33.Nf6+ Nhxf6 34.Bxb7 Nc5 35.Bd5 {#r}
1-0

[Event "Ch World (juniors) (under 14)"]
[Site "masterchessopen.com Belfort (France)"]
[Date "2005.07.28"]
[Round "10"]
[White "Ju Evan D (USA)"]
[Black "Wei Chenpeng (CHN)"]
[Result "0-1"]
[WhiteElo "2146"]
[BlackElo "2390"]

1.e4 c5 2.Nf3 d6 3.d4 Nf6 4.Nc3 cxd4 5.Nxd4 a6 6.Be2 e6 7.O-O Qc7 8.a4 Be7
9.f4 b6 10.Bf3 Bb7 11.e5 dxe5 12.fxe5 Nfd7 13.Bxb7 Qxb7 14.Qg4 Bc5 15.Be3 Nc6
16.b4 Ndxe5 17.Qxg7 O-O-O 18.bxc5 Rhg8 19.Qxh7 Nxd4 20.Ne4 Nf5 21.Nd6+ Nxd6
22.Qh3 Ndc4 23.Bf4 Ng4 24.Rf3 Qd5 25.cxb6 Qd4+ {#R} 0-1

[Event "It (open)"]
[Site "masterchessopen.com Schwarzach (Austria)"]
[Round "7"]
[White "Heigermoser Robert (GER)"]
[Black "Stephan Axel (GER)"]
[Result "0-1"]
[WhiteElo "2046"]
[BlackElo "2213"]

1.e4 c5 2.Nf3 d6 3.d4 cxd4 4.Nxd4 Nf6 5.Nc3 e6 6.Be2 a6 7.O-O Qc7 8.a4 b6 9.f4
Bb7 10.Bf3 Nbd7 11.Re1 e5 12.Nb3 Rc8 13.Be3 Be7 14.Kh1 O-O 15.f5 Rfe8 16.g4 h6
17.Bg2 Qb8 18.Bf2 Qa8 19.Qf3 d5 20.exd5 Bb4 21.Red1 e4 22.Qg3 Bxc3 23.bxc3 e3
24.Be1 Nxd5 25.Rd4 Ne5 26.Rad1 Nxc3 27.Bxc3 Rxc3 28.Rc1 Bxg2+ 29.Qxg2 Nf3 {#R}
0-1

[Event "It (open)"]
[Site "masterchessopen.com Nice (France)"]
[Date "2005.08.04"]
[Round "5"]
[White "Zigangirova Sofya (KAZ)"]
[Black "Maksimenko Andrei (UKR)"]
[Result "1-0"]
[WhiteElo "2322"]
[BlackElo "2501"]

1.e4 c5 2.Nf3 d6 3.d4 cxd4 4.Nxd4 Nf6 5.Nc3 a6 6.Be2 e6 7.O-O Qc7 8.f4 Be7
9.a4 Nc6 10.Kh1 O-O 11.Be3 Re8 12.Bd3 Nxd4 13.Bxd4 e5 14.Bg1 Bg4 15.Qd2 exf4
16.Qxf4 Be6 17.Nd5 Bxd5 18.exd5 Rf8 19.Qh4 h6 20.Bd4 Rfe8 21.Bxf6 Bxf6 22.Rxf6
gxf6 23.Qxh6 f5 24.Bxf5 Re5 25.Bh7+ Kh8 26.Bg6+ Kg8 27.Qh7+ Kf8 28.Rf1 {#r}
1-0

[Event "It (cat.8)"]
[Site "masterchessopen.com Alushta (Ukraine)"]
[Date "2005.09.07"]
[Round "6"]
[White "Aveskulov Valeriy (UKR)"]
[Black "Paramonov Dimitriy (BLR)"]
[Result "1-0"]
[WhiteElo "2457"]
[BlackElo "2372"]

1.e4 c5 2.Nf3 d6 3.d4 cxd4 4.Nxd4 Nf6 5.Nc3 a6 6.Be2 e6 7.O-O Qc7 8.f4 Nc6
9.Be3 Be7 10.Kh1 O-O 11.Qe1 Bd7 12.Qg3 Kh8 13.Rae1 Rae8 14.a3 Ng8 15.Bd3 Bf6
16.Nf3 Nge7 17.e5 dxe5 18.Qh3 Ng6 19.fxe5 Be7 20.Bg5 Kg8 21.Bxe7 Rxe7 22.Ne4
f5 23.exf6 gxf6 24.Nh4 Nxh4 25.Qxh4 f5 26.Nf6+ Kg7 27.Nxh7 Rh8 28.Bxf5 exf5
29.Rxe7+ Nxe7 30.Qxe7+ Kh6 31.Nf8 {#r} 1-0

[Event "It (cat.8)"]
[Site "masterchessopen.com Alushta (Ukraine)"]
[Date "2005.09.25"]
[Round "1"]
[White "Olenin Nikolay (RUS)"]
[Black "Bindrich Falko (GER)"]
[Result "1-0"]
[WhiteElo "2399"]
[BlackElo "2391"]

1.e4 c5 2.Nf3 d6 3.d4 cxd4 4.Nxd4 Nf6 5.Nc3 a6 6.Be2 e6 7.O-O Qc7 8.f4 Nbd7
9.Bf3 Be7 10.Kh1 g6 11.Qe1 Rb8 12.a4 Bf8 13.b3 e5 14.Nde2 Bg7 15.Ba3 O-O
16.Rd1 Ne8 17.Qd2 exf4 18.Nd5 Qd8 19.Nexf4 Ne5 20.Be2 b6 21.Nb4 Ra8 22.Nfd3
Bb7 23.Nxe5 Bxe5 24.Nd3 Bg7 25.e5 Qd7 26.Qe3 Qc7 27.c4 a5 28.Bf3 Bxf3 29.Rxf3
Rd8 30.Rdf1 Rd7 31.e6 Re7 32.Rxf7 Nf6 33.Rxf8+ Kxf8 34.Bb2 {#r} 1-0

[Event "Tournament"]
[Site "masterchessopen.com Santos (Brazil)"]
[Date "2005.09.27"]
[Round "2"]
[White "Mekhitarian Krikor Sevag (BRA)"]
[Black "Lebredo Gerardo (CUB)"]
[Result "1-0"]
[WhiteElo "2280"]
[BlackElo "2300"]

1.e4 c5 2.Nf3 e6 3.d4 cxd4 4.Nxd4 a6 5.Nc3 Qc7 6.Be2 Nf6 7.O-O d6 8.a4 b6 9.f4
Bb7 10.Bf3 Nbd7 11.g4 e5 12.Nf5 g6 13.Ng3 exf4 14.Bxf4 Ne5 15.Bxe5 dxe5 16.g5
Nd7 17.Nd5 Qc5+ 18.Kh1 h5 19.b4 Qd6 20.Ra3 h4 21.Rd3 hxg3 22.Nf6+ Nxf6 23.Rxd6
Nxe4 24.Rd5 Rxh2+ 25.Kg1 Bxb4 26.Rxe5+ Kf8 27.Bxe4 Bxe4 28.Rxe4 Bc5+ 29.Rd4
Re8 30.c3 Re3 31.Rf3 Re4 32.Rxg3 Ra2 33.Rg2 Ra3 34.Qc2 {#r} 1-0

[Event "Ch Chess Union (open)"]
[Site "masterchessopen.com Kiev (Ukraine)"]
[Date "2005.10.16"]
[Round "9"]
[White "Ivanova Svetlana (UKR)"]
[Black "Krupko Alexey (UKR)"]
[Result "1-0"]
[WhiteElo "2264"]
[BlackElo "2116"]

1.e4 c5 2.Nf3 d6 3.d4 cxd4 4.Nxd4 Nf6 5.Nc3 a6 6.Be2 e6 7.O-O Qc7 8.f4 Nc6
9.Kh1 Be7 10.Nxc6 bxc6 11.Qe1 O-O 12.Qg3 Re8 13.e5 Nd7 14.exd6 Bxd6 15.Ne4 Be7
16.Bd2 f5 17.Bc3 Bf8 18.Bh5 Rd8 19.Ng5 Nc5 20.Qh4 g6 21.Bxg6 Bg7 {#r} 1-0

[Event "Ch World (juniors) (under 20)"]
[Site "masterchessopen.com Istanbul (Turkey)"]
[Date "2005.11.09"]
[Round "1"]
[White "Sarwary Hamidullah (AFG)"]
[Black "Wen Yang (CHN)"]
[Result "0-1"]
[WhiteElo "1931"]
[BlackElo "2374"]

1.e4 c5 2.Nf3 d6 3.d4 Nf6 4.Nc3 cxd4 5.Nxd4 a6 6.Be2 e6 7.O-O Qc7 8.Be3 b5
9.f4 Bb7 10.Nb3 Nbd7 11.e5 dxe5 12.fxe5 Nxe5 13.Qe1 Bd6 14.a3 Neg4 15.Bxg4
Bxh2+ 16.Kh1 Nxg4 17.Bd4 Bg3 18.Qe2 h5 19.Ne4 Qe7 20.Nf6+ gxf6 21.Bxf6 Nxf6
{#R} 0-1

[Event "Memorial E.Bykova (c)"]
[Site "masterchessopen.com Vladimir (Russia)"]
[Date "2005.12.11"]
[Round "5"]
[White "Derbentseva Irina (RUS)"]
[Black "Doluhanova Evgeniya (UKR)"]
[Result "1-0"]
[WhiteElo "2084"]
[BlackElo "2270"]

1.e4 c5 2.Nf3 d6 3.d4 cxd4 4.Nxd4 Nf6 5.Nc3 a6 6.Be2 e6 7.O-O Qc7 8.a4 b6 9.f4
Bb7 10.Bf3 Nbd7 11.Kh1 Be7 12.Qe1 h5 13.Be3 g6 14.Rd1 e5 15.fxe5 Nxe5 16.Nd5
Nxd5 17.exd5 h4 18.h3 Qd7 19.Nc6 Nxc6 20.dxc6 Bxc6 21.Qc3 {#r} 1-0

[Event "Ch Slovakia (team) 2005/06"]
[Site "masterchessopen.com Slovakia"]
[Date "2006.02.18"]
[Round "10"]
[White "Janko Michal (SVK)"]
[Black "Jurcik Martin (SVK)"]
[Result "0-1"]
[WhiteElo "2083"]
[BlackElo "2285"]

1.e4 c5 2.Nf3 d6 3.d4 cxd4 4.Nxd4 Nf6 5.Nc3 a6 6.Be2 e6 7.O-O Qc7 8.f4 b5 9.e5
dxe5 10.fxe5 Nfd7 11.Bf3 Bb7 12.Bxb7 Qxb7 13.Qh5 g6 14.Qe2 Bc5 15.Be3 Nc6
16.Nxc6 Qxc6 17.Kh1 b4 18.Bxc5 Nxc5 19.Nd1 Qb5 20.Qf3 O-O 21.Nf2 Nd7 22.Rae1
Nxe5 23.Qf4 Nd7 24.Ne4 e5 25.Qh6 f5 26.Nd6 Qc5 27.Rd1 Nf6 28.h3 Ra7 29.Qg5 Kh8
30.Rd2 Nd5 31.Rfd1 Nf4 32.Nc8 Ne6 33.Nxa7 Nxg5 {#R} 0-1

[Event "It (open)"]
[Site "masterchessopen.com Hyderabad (India)"]
[Date "2006.03.05"]
[Round "10"]
[White "Satyapragyan Swayangsu (IND)"]
[Black "Kunte Abhijit (IND)"]
[Result "0-1"]
[WhiteElo "2415"]
[BlackElo "2524"]

1.e4 c5 2.Nf3 e6 3.d4 cxd4 4.Nxd4 a6 5.Nc3 Qc7 6.Be2 Nf6 7.O-O d6 8.a4 b6 9.f4
Bb7 10.Bf3 Be7 11.e5 dxe5 12.fxe5 Nfd7 13.Bxb7 Qxb7 14.Qg4 Bc5 15.Be3 Nc6
16.Rae1 Ncxe5 17.Qxg7 O-O-O {#R} 0-1

[Event "Memorial V.Nabokov (cat.4)"]
[Site "masterchessopen.com Kiev (Ukraine)"]
[Date "2006.04.03"]
[Round "1"]
[White "Dolzhikova Kateryna (UKR)"]
[Black "Podgursky Sten (MDA)"]
[Result "1-0"]
[WhiteElo "2324"]
[BlackElo "2193"]

1.e4 c5 2.Nf3 d6 3.d4 cxd4 4.Nxd4 Nf6 5.Nc3 a6 6.Be2 e6 7.O-O Qc7 8.f4 Be7
9.Bf3 Nc6 10.Be3 O-O 11.Kh1 Re8 12.Qe1 e5 13.Nxc6 bxc6 14.f5 Rb8 15.b3 d5
16.exd5 e4 17.Nxe4 Nxe4 18.Bxe4 Bd6 19.Bd3 cxd5 20.f6 gxf6 21.Qh4 f5 22.Qg5+
Kh8 23.Rae1 f6 24.Qxf6+ Kg8 25.Bd4 Re4 26.Rxe4 dxe4 27.Bc4+ {#r} 1-0

[Event "It (open)"]
[Site "masterchessopen.com Metz (France)"]
[Date "2006.04.22"]
[Round "1"]
[White "Meijers Viesturs (LAT)"]
[Black "Jouhaneau Jacques (FRA)"]
[Result "1-0"]
[WhiteElo "2465"]
[BlackElo "1917"]

1.e4 c5 2.Nf3 d6 3.d4 cxd4 4.Nxd4 Nf6 5.Nc3 a6 6.Be2 e6 7.O-O Qc7 8.a4 Nbd7
9.Kh1 b6 10.f4 Bb7 11.Bf3 Rc8 12.Qe2 Qc4 13.Qf2 Be7 14.Bd2 O-O 15.Rae1 Qc7
16.g4 h6 17.g5 hxg5 18.fxg5 Nh7 19.g6 fxg6 20.Nxe6 Rxf3 21.Qxf3 Ne5 22.Nxc7
Nxf3 23.N3d5 Nxd2 24.Nxe7+ Kh8 25.Nxc8 Nxf1 26.Nxd6 Bc6 27.Rxf1 Nf6 28.Rg1 b5
29.axb5 axb5 {#r} 1-0

[Event "Ch SCG (team)"]
[Site "masterchessopen.com Vrnjacka Banja (Serbia)"]
[Date "2006.05.05"]
[Round "5"]
[White "Andrijevic Milan (SRB)"]
[Black "Radojevic Sasa (SRB)"]
[Result "1-0"]
[WhiteElo "2374"]
[BlackElo "2088"]

1.e4 c5 2.Nf3 a6 3.d4 cxd4 4.Nxd4 Nf6 5.Nc3 d6 6.Be2 e6 7.O-O Qc7 8.f4 b5
9.Bf3 Bb7 10.e5 Nfd7 11.f5 dxe5 12.fxe6 Nf6 13.Bxb7 Qxb7 14.exf7+ Qxf7 15.Nb3
Qe6 16.Qf3 Nc6 17.Bg5 Be7 18.Bxf6 gxf6 19.Nd5 Rc8 20.Nxf6+ Bxf6 21.Qxf6 Qxf6
22.Rxf6 Ke7 23.Raf1 Rhf8 24.Rh6 Rxf1+ 25.Kxf1 Nb4 26.Rxh7+ Ke6 27.Rh6+ Kf5
28.c3 Nd3 29.Rxa6 Nxb2 30.Rb6 Rxc3 31.Rxb5 Ke4 32.Rc5 Rd3 33.Rc2 Na4 34.Kf2
Rd1 35.Rc4+ {#r} 1-0

[Event "Olympiad (w)"]
[Site "masterchessopen.com Turin (Italy)"]
[Date "2006.05.21"]
[Round "1"]
[White "Hernandez Yudania (ESP)"]
[Black "Boyarchenko Marie (LUX)"]
[Result "1-0"]
[WhiteElo "2255"]
[BlackElo "1778"]

1.e4 c5 2.Nf3 d6 3.d4 cxd4 4.Nxd4 Nf6 5.Nc3 a6 6.Be2 e6 7.O-O Qc7 8.f4 b5 9.a3
Bb7 10.Bf3 Be7 11.e5 Bxf3 12.Qxf3 Nd5 13.Nxd5 exd5 14.Qxd5 Ra7 15.Be3 Qb7
16.Qb3 Nd7 17.Nf5 Nc5 18.Bxc5 dxc5 19.Nxg7+ Kf8 20.Nf5 c4 21.Qh3 Bc5+ 22.Kh1
Rg8 23.Rad1 Ra8 24.Nh6 Rg6 25.f5 Rg7 26.f6 Rg6 27.Rd7 Qe4 28.Rxf7+ Ke8 29.Qd7#
1-0

[Event "It \"]
[Site "masterchessopen.com Belgrade (Yugoslavia)"]
[Date "2006.06.01"]
[Round "6"]
[White "Carnic Dejan (SRB)"]
[Black "Jovicic Radosav (SRB)"]
[Result "0-1"]
[WhiteElo "2157"]
[BlackElo "2268"]

1.e4 c5 2.Nf3 a6 3.Nc3 e6 4.d4 cxd4 5.Nxd4 Qc7 6.Be2 Nf6 7.O-O d6 8.f4 Be7
9.a4 O-O 10.Kh1 Nc6 11.Be3 Re8 12.Bf3 Rb8 13.g4 Nxd4 14.Bxd4 e5 15.Ba7 Ra8
16.Be3 exf4 17.Bxf4 Be6 18.g5 Nd7 19.Bg2 Ne5 20.Nd5 Bxd5 21.Qxd5 Rf8 22.c3
Rad8 23.Rf2 Kh8 24.Raf1 f6 25.Bh3 Ng6 26.gxf6 Bxf6 27.Bg3 Ne7 28.Qh5 Qc6
29.Bg2 Qxa4 30.Bf4 Ng8 31.b4 Qd7 32.e5 g6 33.exf6 gxh5 34.f7 {#R} 0-1

[Event "It (open)"]
[Site "masterchessopen.com Banska Stiavnica (Slovakia)"]
[Date "2006.07.12"]
[Round "5"]
[White "Rigo Zsolt (SVK)"]
[Black "Navratil Jiri (CZE)"]
[Result "1-0"]
[WhiteElo "2379"]
[BlackElo "1996"]

1.e4 c5 2.Nf3 d6 3.d4 cxd4 4.Nxd4 Nf6 5.Nc3 a6 6.Be2 e6 7.O-O Qc7 8.a4 b6 9.f4
Bb7 10.Bf3 Nbd7 11.Qe1 Rd8 12.Kh1 Nc5 13.Bd2 d5 14.exd5 Nxd5 15.Nxd5 Bxd5
16.b4 Bxf3 17.Nxf3 Nd7 18.Bc3 Bd6 19.Bxg7 Rg8 20.Be5 Bxe5 21.fxe5 Qxc2 22.Rf2
Qb3 23.Qe4 Rg7 24.Rd2 h5 25.h3 Rg3 26.Qf4 Rg6 27.Rad1 Qxa4 28.Ng5 Rg7 29.Ne4
Qc6 30.Rxd7 Rxd7 31.Nf6+ Kf8 32.Nxd7+ Ke7 33.Qf6+ {#r} 1-0